000 01031cam a2200373 i 4500
001 0000511
003 DO-SdBNP
005 20240618084700.0
007 0000511
008 100514s 2007 mx || 000 f spa
015 _a
017 _a
_b
020 _a9789681905262
035 _a
040 _aBPMSU
_bspa
_cBPMSU
_e
080 _a
082 4 _a869.342
_bS243ev
_222
100 1 _aSaramago, José,
_d1922-2010
_946
245 1 3 _aEl evangelio según Jesucristo /
_cJosé Saramago
_h
250 _a
260 _aMéxico :
_bAlfaguara,
_b2007
_c
300 _a514 p.;
_c22 cm
490 0 _aBiblioteca José Saramago
500 _aIncluye datos biográficos del autor en la solapa de la cubierta
500 _a
586 _aPremio Nobel de literatura 1998.
590 _aInventarado, 2025/VM
650 4 _aNovela portuguesa
650 4 _aDios
_vNovela
650 4 _aEvangelio
_vNovela
650 4 _aLiteratura portuguesa
910 _aVMateo V. /Validado. Control de calidad MFF
942 _2ddc
_cBK
999 _c10785
_d10785